[Event "España ch sub-16"]
[Site "Mondariz ESP"]
[Date "2005.07.13"]
[Round "4.7"]
[White "Troncoso Gutierrez, Adrian"]
[Black "Ladron De Guevara Pinto, Miguel"]
[Result "1-0"]
[WhiteElo "2062"]
[BlackElo "2145"]
[PlyCount "101"]
[EventDate "2005.07.11"]
[EventType "swiss"]
[EventRounds "8"]
[EventCountry "ESP"]
[Source "lmi"]
[SourceDate "2005.07.15"]

1. d4 Nf6 2. c4 e6 3. Nc3 Bb4 4. Nf3 O-O 5. Bg5 d5 6. cxd5 Bxc3+ 7. bxc3 exd5
8. e3 Nbd7 9. Bd3 Re8 10. O-O Nf8 11. Qc2 Bg4 12. Ne5 Bh5 13. Qb3 Rb8 14. c4 c6
15. cxd5 cxd5 16. Rfc1 Ne6 17. Bh4 Qe7 18. Bb5 Red8 19. Bf1 g5 20. Bg3 Rbc8 21.
Rab1 Rxc1 22. Rxc1 Ne4 23. Rb1 f6 24. Nd3 b6 25. Rb2 Bf7 26. Nb4 Qd7 27. Rc2
Kg7 28. f3 Nxg3 29. hxg3 Bg6 30. Rc3 Qd6 31. Kf2 a5 32. Nxd5 Qxd5 33. Bc4 Qd6
34. Bxe6 a4 35. Qc4 Kf8 36. d5 Be8 37. Qc7 Qxc7 38. Rxc7 h5 39. Rb7 b5 40. Ke2
Rd6 41. e4 Rd8 42. f4 Ra8 43. e5 fxe5 44. fxe5 a3 45. d6 Ra4 46. d7 Bxd7 47.
Bxd7 Re4+ 48. Kd3 Rxe5 49. Rxb5 Re7 50. Bc6 Re6 51. Bd5 1-0

[Event "España ch sub-16"]
[Site "Mondariz ESP"]
[Date "2005.07.13"]
[Round "4.8"]
[White "Martin Alvarez, Iñigo"]
[Black "Cabrera Trujillo, Jorge"]
[Result "1-0"]
[WhiteElo "2082"]
[BlackElo "2059"]
[PlyCount "79"]
[EventDate "2005.07.11"]
[EventType "swiss"]
[EventRounds "8"]
[EventCountry "ESP"]
[Source "lmi"]
[SourceDate "2005.07.15"]

1. e4 c5 2. Nf3 d6 3. d4 cxd4 4. Nxd4 Nf6 5. Nc3 g6 6. Be3 Bg7 7. f3 Nc6 8. Qd2
O-O 9. O-O-O d5 10. Kb1 Nxd4 11. e5 Nd7 12. Bxd4 e6 13. f4 f6 14. Qe3 fxe5 15.
fxe5 Nb8 16. h4 Nc6 17. g4 Bd7 18. h5 Be8 19. Bc5 Nxe5 20. Bxf8 Kxf8 21. h6 Bh8
22. Bg2 Bf7 23. Rhf1 Qe7 24. Qf4 Kg8 25. Rde1 Qc7 26. Nb5 Qc4 27. Nd6 Qxf4 28.
Rxf4 g5 29. Nxf7 Nxf7 30. Rf2 Nxh6 31. Rxe6 Nxg4 32. Rf5 Bf6 33. Rexf6 Nxf6 34.
Rxf6 Kg7 35. Rd6 Re8 36. a4 Re1+ 37. Ka2 Re2 38. Bxd5 Rxc2 39. Rd7+ Kf6 40.
Rxh7 1-0

[Event "España ch sub-16"]
[Site "Mondariz ESP"]
[Date "2005.07.13"]
[Round "4.9"]
[White "Hernandez Funes, Ruben"]
[Black "Llorente Zaro, Alfonso"]
[Result "0-1"]
[WhiteElo "2019"]
[BlackElo "2355"]
[PlyCount "50"]
[EventDate "2005.07.11"]
[EventType "swiss"]
[EventRounds "8"]
[EventCountry "ESP"]
[Source "lmi"]
[SourceDate "2005.07.15"]

1. c4 e5 2. g3 Nf6 3. Bg2 c6 4. d4 e4 5. Nc3 Bb4 6. a3 Bxc3+ 7. bxc3 d5 8. cxd5
cxd5 9. Bg5 Nbd7 10. e3 O-O 11. Ne2 Nb6 12. O-O h6 13. Bxf6 Qxf6 14. Nc1 Bd7
15. Qe2 a6 16. Qa2 Rac8 17. Nb3 Na4 18. Qd2 Qb6 19. Nc5 Nxc5 20. dxc5 Qxc5 21.
Bxe4 Be6 22. Bf3 Qxc3 23. Rfd1 Rfd8 24. Qxc3 Rxc3 25. Bxd5 Rxd5 0-1

[Event "España ch sub-16"]
[Site "Mondariz ESP"]
[Date "2005.07.13"]
[Round "4.10"]
[White "Ramirez Rus, Esteban"]
[Black "Aloma Vidal, Robert"]
[Result "0-1"]
[WhiteElo "2011"]
[BlackElo "2350"]
[PlyCount "70"]
[EventDate "2005.07.11"]
[EventType "swiss"]
[EventRounds "8"]
[EventCountry "ESP"]
[Source "lmi"]
[SourceDate "2005.07.15"]

1. e4 c5 2. c3 Nf6 3. e5 Nd5 4. d4 cxd4 5. Qxd4 e6 6. c4 Ne7 7. Nf3 Ng6 8. Bd3
Nc6 9. Qe3 Ngxe5 10. Nxe5 Qa5+ 11. Bd2 Qxe5 12. Bc3 Qxe3+ 13. fxe3 Nb4 14. Kd2
Nxd3 15. Kxd3 b6 16. Rf1 d5 17. Rf2 Ba6 18. b3 dxc4+ 19. Kc2 f6 20. b4 Bd6 21.
g3 Bb7 22. Nd2 b5 23. a3 h5 24. Nf3 Be4+ 25. Kb2 Bxf3 26. Rxf3 h4 27. gxh4 Rxh4
28. h3 e5 29. Rd1 Rd8 30. Rg1 Rd7 31. Be1 e4 32. Bxh4 exf3 33. Rf1 Be5+ 34. Kc2
Rd3 35. Rxf3 Rxa3 0-1

[Event "España ch sub-16"]
[Site "Mondariz ESP"]
[Date "2005.07.13"]
[Round "4.11"]
[White "Leiva Velasco, David"]
[Black "Castellano Egea, Einar"]
[Result "1-0"]
[WhiteElo "2203"]
[BlackElo "2010"]
[PlyCount "106"]
[EventDate "2005.07.11"]
[EventType "swiss"]
[EventRounds "8"]
[EventCountry "ESP"]
[Source "lmi"]
[SourceDate "2005.07.15"]

1. e4 e6 2. d4 d5 3. Nc3 Nf6 4. Bg5 Be7 5. e5 Nfd7 6. Bxe7 Qxe7 7. f4 a6 8. Qd2
c5 9. Nf3 Nc6 10. dxc5 Nxc5 11. Bd3 f6 12. O-O O-O 13. exf6 Qxf6 14. g3 Bd7 15.
Rae1 Rae8 16. Rf2 Re7 17. a3 b5 18. Ne5 Nxe5 19. Rxe5 Bc6 20. Rf1 Nd7 21. Ree1
Qd4+ 22. Kg2 Qf6 23. h3 Kh8 24. Kh2 Qd4 25. Qe2 Nf6 26. Nd1 Rfe8 27. c3 Qa7 28.
g4 Ng8 29. g5 g6 30. Nf2 Qc7 31. Ng4 Rf7 32. Ne5 Rg7 33. Qg4 Ree7 34. h4 Be8
35. Re2 Qc5 36. Nf3 Qd6 37. Rfe1 Bd7 38. Re5 Qc5 39. Nd4 Ref7 40. Kg3 Re7 41.
h5 gxh5 42. Qxh5 Qd6 43. Qe2 Ref7 44. Qe3 Qc7 45. Kf2 Ne7 46. Ke2 Nf5 47. Bxf5
exf5 48. Kd1 Qb7 49. Qf3 Bc6 50. Nxf5 d4 51. Qd3 Rg6 52. Qxd4 Kg8 53. Kc1 Kf8
1-0

[Event "España ch sub-16"]
[Site "Mondariz ESP"]
[Date "2005.07.13"]
[Round "4.12"]
[White "Robles Garcia, Claudia"]
[Black "De Nacimiento Montaño, Angel"]
[Result "1/2-1/2"]
[WhiteElo "2144"]
[BlackElo "2003"]
[PlyCount "81"]
[EventDate "2005.07.11"]
[EventType "swiss"]
[EventRounds "8"]
[EventCountry "ESP"]
[Source "lmi"]
[SourceDate "2005.07.15"]

1. e4 c5 2. Nf3 d6 3. d4 cxd4 4. Nxd4 Nf6 5. Nc3 g6 6. Be3 Bg7 7. f3 O-O 8. Qd2
Nc6 9. O-O-O d5 10. Qe1 e5 11. Nxc6 bxc6 12. exd5 cxd5 13. Bg5 Be6 14. Qh4 Rc8
15. Ba6 Rc6 16. Ne4 Bf5 17. Bb5 Rb6 18. Bc4 Bxe4 19. fxe4 Qb8 20. exd5 Rc8 21.
b3 Qd6 22. Rhf1 Qa3+ 23. Kb1 Rb4 24. Bc1 Qa4 25. Bb2 Qd7 26. a3 Rb6 27. Bxe5
Ng4 28. Bxg7 Kxg7 29. Ka2 Rxc4 30. bxc4 Qa4 31. Rxf7+ Kxf7 32. Qxh7+ Kf8 33.
Qh8+ Kf7 34. Qc3 Rf6 35. d6 Rf2 36. Rd2 Rxd2 37. Qxd2 Qxc4+ 38. Kb2 Qb5+ 39.
Ka1 Qf1+ 40. Kb2 Qb5+ 41. Kc3 1/2-1/2

[Event "España ch sub-16"]
[Site "Mondariz ESP"]
[Date "2005.07.13"]
[Round "4.13"]
[White "Hernandez Funes, Ruben"]
[Black "Remoli Sargues, Francisco"]
[Result "0-1"]
[WhiteElo "2019"]
[BlackElo "2139"]
[PlyCount "92"]
[EventDate "2005.07.11"]
[EventType "swiss"]
[EventRounds "8"]
[EventCountry "ESP"]
[Source "lmi"]
[SourceDate "2005.07.15"]

1. e4 d6 2. d4 Nf6 3. Nc3 Nbd7 4. Bg5 e5 5. Nf3 Be7 6. Be2 c6 7. O-O b5 8. a3
a6 9. Re1 Bb7 10. Qd2 Qc7 11. Rad1 O-O 12. Bf1 Rfd8 13. g3 Nf8 14. Bh3 Bc8 15.
Bg2 Bg4 16. h3 Bh5 17. Bxf6 Bxf6 18. d5 Rac8 19. g4 Bg6 20. g5 Be7 21. dxc6
Qxc6 22. Nd5 Qb7 23. Nh2 Ne6 24. h4 Bh5 25. f3 h6 26. gxh6 Bxh4 27. hxg7 Kxg7
28. Rf1 Bg5 29. Qf2 Nf4 30. Nxf4 exf4 31. Bh3 Rc6 32. Rd5 f6 33. Qg2 Qe7 34.
Ng4 Bg6 35. Rfd1 Rh8 36. c3 Bh4 37. e5 fxe5 38. Nxe5 Bg3 39. Nxc6 Qe3+ 40. Kh1
Qe6 41. Ne5 Rxh3+ 42. Kg1 Rh2 43. Qf1 dxe5 44. Rd7+ Kh6 45. R1d6 Qf5 46. Rd8
Rh1+ 0-1

[Event "España ch sub-16"]
[Site "Mondariz ESP"]
[Date "2005.07.13"]
[Round "4.14"]
[White "Ferreiro Pailos, Alejandro"]
[Black "Garcia Millan, Laura"]
[Result "0-1"]
[WhiteElo "2112"]
[BlackElo "1983"]
[PlyCount "86"]
[EventDate "2005.07.11"]
[EventType "swiss"]
[EventRounds "8"]
[EventCountry "ESP"]
[Source "lmi"]
[SourceDate "2005.07.15"]

1. e4 e6 2. d4 d5 3. Nd2 Nf6 4. e5 Nfd7 5. Bd3 c5 6. c3 Nc6 7. Ne2 Qb6 8. Nf3
cxd4 9. cxd4 Be7 10. h4 Bb4+ 11. Kf1 f6 12. exf6 Nxf6 13. Bg5 Be7 14. Qb1 Bd7
15. Bxh7 Nxh7 16. Qg6+ Kf8 17. Nf4 Nxg5 18. Nxg5 Bxg5 19. Qxg5 Ne7 20. Qe5 Qxb2
21. Re1 Qb6 22. Rh3 Rh6 23. Rf3 Kg8 24. Qg5 Nf5 25. Nh5 Qxd4 26. g4 Nd6 27. Kg1
Ne4 28. Qf4 Be8 29. Ng3 Rf6 30. Qe3 Qxe3 31. Rfxe3 Nxf2 32. g5 Rf4 33. Rxe6 Bc6
34. Ne2 Re4 35. Ng3 Rxe1+ 36. Rxe1 Ne4 37. Nf5 Re8 38. Rf1 Nc3 39. g6 Ne2+ 40.
Kh2 d4 41. h5 Re5 42. Kh3 Bd7 43. Kg4 Rxf5 0-1

[Event "España ch sub-16"]
[Site "Mondariz ESP"]
[Date "2005.07.13"]
[Round "5.1"]
[White "Lariño Nieto, David"]
[Black "Vila Gazquez, Javier"]
[Result "1/2-1/2"]
[WhiteElo "2350"]
[BlackElo "2338"]
[PlyCount "107"]
[EventDate "2005.07.11"]
[EventType "swiss"]
[EventRounds "8"]
[EventCountry "ESP"]
[Source "lmi"]
[SourceDate "2005.07.15"]

1. d4 Nf6 2. c4 e6 3. Nf3 b6 4. a3 Bb7 5. Nc3 Be7 6. Qc2 c5 7. e4 cxd4 8. Nxd4
Nc6 9. Nxc6 dxc6 10. Bf4 Nd7 11. Rd1 f6 12. Be2 h5 13. c5 Bxc5 14. e5 f5 15. b4
g5 16. Bc1 Be7 17. h4 Qc7 18. hxg5 O-O-O 19. f4 h4 20. Be3 Nxe5 21. Rc1 Kb8 22.
Nb5 Qd7 23. Rd1 Qc8 24. Nxa7 Rxd1+ 25. Bxd1 Kxa7 26. fxe5 Qc7 27. Qb2 c5 28.
Bf3 Bxf3 29. gxf3 cxb4 30. axb4 Qc4 31. Kf2 f4 32. Bd2 Bxg5 33. Rg1 Rg8 34. Rg4
h3 35. Bxf4 Rf8 36. Rxg5 Qxf4 37. Rg7+ Kb8 38. Qa3 Qd2+ 39. Kf1 Qd1+ 40. Kf2
Qd4+ 41. Qe3 Qxe3+ 42. Kxe3 Rh8 43. Rg1 h2 44. Rh1 b5 45. f4 Kc7 46. Kf3 Kc6
47. Kg3 Rg8+ 48. Kxh2 Kd5 49. Rd1+ Ke4 50. Rf1 Kf5 51. Rc1 Kxf4 52. Rc5 Rg5 53.
Rxb5 Rxe5 54. Rxe5 1/2-1/2

[Event "España ch sub-16"]
[Site "Mondariz ESP"]
[Date "2005.07.13"]
[Round "5.2"]
[White "Valmaña Canto, Jaime"]
[Black "Guadamuro Torrente, Ana Isabel"]
[Result "1-0"]
[WhiteElo "2223"]
[BlackElo "2084"]
[PlyCount "67"]
[EventDate "2005.07.11"]
[EventType "swiss"]
[EventRounds "8"]
[EventCountry "ESP"]
[Source "lmi"]
[SourceDate "2005.07.15"]

1. e4 e5 2. Bc4 Nf6 3. d3 Bc5 4. Nf3 Nc6 5. Nbd2 d6 6. h3 Na5 7. O-O O-O 8. c3
Nxc4 9. Nxc4 h6 10. a4 a5 11. Nh2 Be6 12. Ne3 d5 13. Qc2 dxe4 14. dxe4 Nh5 15.
Nhg4 Nf4 16. Nxe5 Bxh3 17. gxh3 Bxe3 18. fxe3 Nxh3+ 19. Kh1 Qh4 20. Nf3 Qh5 21.
Qh2 Qg4 22. Qg2 Qh5 23. Nh2 Qh4 24. Bd2 Ng5 25. Rf4 Qh5 26. Be1 Ra6 27. Qg4 Qg6
28. Bh4 f6 29. Bxg5 hxg5 30. Rf5 Rd6 31. Nf3 Rfd8 32. Nd4 Re8 33. Kg2 b6 34. e5
1-0

[Event "España ch sub-16"]
[Site "Mondariz ESP"]
[Date "2005.07.13"]
[Round "5.3"]
[White "Huerga Leache, Mikel"]
[Black "Martin Alvarez, Iñigo"]
[Result "1/2-1/2"]
[WhiteElo "2176"]
[BlackElo "2082"]
[PlyCount "85"]
[EventDate "2005.07.11"]
[EventType "swiss"]
[EventRounds "8"]
[EventCountry "ESP"]
[Source "lmi"]
[SourceDate "2005.07.15"]

1. e4 d6 2. Nc3 Nf6 3. f4 e5 4. Nf3 Nbd7 5. Bc4 Be7 6. O-O O-O 7. d3 c6 8. a4
a5 9. Kh1 Qc7 10. Ba2 Nc5 11. f5 d5 12. Nxe5 dxe4 13. d4 Ncd7 14. Nc4 Bb4 15.
Bf4 Qd8 16. Qe2 Bxc3 17. bxc3 Nd5 18. Bd2 Qe7 19. Ne3 Nxe3 20. Bxe3 Nb6 21. Qh5
Nd5 22. Bxd5 cxd5 23. f6 gxf6 24. Rf4 f5 25. g4 fxg4 26. Qxd5 Be6 27. Qxe4 f5
28. Qe5 Qd7 29. Kg1 Qd5 30. Rb1 Rac8 31. Qxd5 Bxd5 32. Bd2 Be4 33. Rb5 Rc4 34.
Rxa5 Bxc2 35. d5 Be4 36. Rf2 Rd8 37. Bg5 Rd6 38. Rb2 Rd7 39. Rb6 Bxd5 40. Ra8+
Kf7 41. a5 Rc6 42. Rxc6 Bxc6 43. a6 1/2-1/2

[Event "España ch sub-16"]
[Site "Mondariz ESP"]
[Date "2005.07.13"]
[Round "5.4"]
[White "Lopez Quevedo, Angel Carlos"]
[Black "Vallejo Diaz, Javier"]
[Result "1-0"]
[WhiteElo "2046"]
[BlackElo "2156"]
[PlyCount "59"]
[EventDate "2005.07.11"]
[EventType "swiss"]
[EventRounds "8"]
[EventCountry "ESP"]
[Source "lmi"]
[SourceDate "2005.07.15"]

1. d4 d5 2. Nf3 Nf6 3. c4 c6 4. e3 Bf5 5. cxd5 cxd5 6. Qb3 Qc7 7. Bd2 Nc6 8.
Bb5 e6 9. O-O Bd6 10. Bb4 O-O 11. Bxc6 bxc6 12. Nbd2 Be4 13. Bxd6 Qxd6 14. Ne5
c5 15. Nxe4 dxe4 16. Qa3 Qb8 17. Qxc5 Qxb2 18. Rfb1 Qe2 19. Rb7 a6 20. a4 Rab8
21. Rxb8 Rxb8 22. h3 Nd5 23. Qa7 Rf8 24. Rb1 h5 25. Rb8 Rxb8 26. Qxb8+ Kh7 27.
Nxf7 Nf6 28. Qh8+ Kg6 29. Ne5+ Kf5 30. Qxg7 1-0

[Event "España ch sub-16"]
[Site "Mondariz ESP"]
[Date "2005.07.13"]
[Round "5.5"]
[White "Fernandez Losada, Daniel"]
[Black "Troncoso Gutierrez, Adrian"]
[Result "0-1"]
[WhiteElo "2108"]
[BlackElo "2062"]
[PlyCount "126"]
[EventDate "2005.07.11"]
[EventType "swiss"]
[EventRounds "8"]
[EventCountry "ESP"]
[Source "lmi"]
[SourceDate "2005.07.15"]

1. e4 d5 2. exd5 Qxd5 3. Nc3 Qa5 4. Bc4 Bf5 5. g4 Bg6 6. h4 h5 7. g5 c6 8. d3
Qc7 9. Nh3 e6 10. Nf4 Ne7 11. Qe2 Nd7 12. Be3 Ne5 13. Bb3 Bf5 14. f3 N7g6 15.
Nxg6 Nxg6 16. O-O-O O-O-O 17. Ne4 Nf4 18. Qf2 b6 19. a4 Nd5 20. Bxd5 cxd5 21.
Nc3 Kb7 22. Nb5 Qc6 23. Nd4 Qxa4 24. Kd2 Rc8 25. c3 Bg6 26. Ra1 Qd7 27. f4 Bc5
28. Ra2 Bxd4 29. Bxd4 Qb5 30. Qe3 Rhg8 31. Rha1 Ra8 32. Kc2 Bf5 33. Ra3 f6 34.
Rb3 Qc4 35. Rb4 Qc7 36. Ra5 Rgf8 37. Rc5 Qd7 38. Rcb5 Qc7 39. Kd2 Rae8 40. Qg1
e5 41. Bxb6 axb6 42. Rxb6+ Kc8 43. Qa1 Kd8 44. Rb7 Qc5 45. d4 exd4 46. Rxd4 Re4
47. Qa4 Rfe8 48. Qa8+ Bc8 49. Rd7+ Kxd7 50. Rxd5+ Qxd5+ 51. Qxd5+ Kc7 52. Qc5+
Kb8 53. Qd6+ Ka8 54. gxf6 gxf6 55. Qxf6 R4e6 56. Qg5 Ba6 57. c4 Bxc4 58. Qa5+
Ba6 59. b4 Re2+ 60. Kc3 R8e3+ 61. Kd4 Rd3+ 62. Kc5 Rc2+ 63. Kb6 Rd6# 0-1

[Event "España ch sub-16"]
[Site "Mondariz ESP"]
[Date "2005.07.13"]
[Round "5.6"]
[White "Llorente Zaro, Alfonso"]
[Black "Trigo Urquijo, Sergio"]
[Result "1/2-1/2"]
[WhiteElo "2355"]
[BlackElo "2045"]
[PlyCount "59"]
[EventDate "2005.07.11"]
[EventType "swiss"]
[EventRounds "8"]
[EventCountry "ESP"]
[Source "lmi"]
[SourceDate "2005.07.15"]

1. e4 d6 2. d4 Nf6 3. Nc3 e5 4. Nf3 Nbd7 5. Bc4 Be7 6. O-O O-O 7. Re1 c6 8. a4
b6 9. d5 cxd5 10. Nxd5 Nc5 11. Nxf6+ Bxf6 12. b4 Ne6 13. Qd3 Qc7 14. a5 Bb7 15.
axb6 axb6 16. Rxa8 Rxa8 17. Qb3 Nd8 18. Bd3 Rc8 19. Be3 Ra8 20. Nd2 Bc8 21. c4
Be6 22. Qb2 Nc6 23. Qc3 h6 24. Nb3 Ra4 25. b5 Nb8 26. Ra1 Ra7 27. f3 Nd7 28.
Qc1 Qb8 29. Rxa7 Qxa7 30. Qa1 1/2-1/2

[Event "España ch sub-16"]
[Site "Mondariz ESP"]
[Date "2005.07.13"]
[Round "5.7"]
[White "Aloma Vidal, Robert"]
[Black "Mayo Casademont, Marti"]
[Result "1-0"]
[WhiteElo "2350"]
[BlackElo "2041"]
[PlyCount "65"]
[EventDate "2005.07.11"]
[EventType "swiss"]
[EventRounds "8"]
[EventCountry "ESP"]
[Source "lmi"]
[SourceDate "2005.07.15"]

1. d4 e6 2. c4 d5 3. Nf3 c6 4. e3 Nf6 5. Nbd2 Nbd7 6. Bd3 Bd6 7. O-O O-O 8. e4
dxe4 9. Nxe4 Nxe4 10. Bxe4 h6 11. b3 e5 12. Bc2 Re8 13. Re1 exd4 14. Rxe8+ Qxe8
15. Qxd4 Bc5 16. Qc3 Be7 17. Qd3 Nf8 18. Bb2 Be6 19. Qe3 a6 20. Qb6 Qc8 21. Re1
Nd7 22. Qe3 Nf8 23. Nd4 Bf6 24. Ba3 c5 25. Nxe6 Nxe6 26. Qd3 g6 27. Qd5 Kg7 28.
Bc1 Ra7 29. Qd2 Bg5 30. Bb2+ Kh7 31. Qd6 Qd8 32. Rxe6 fxe6 33. Qxe6 1-0

[Event "España ch sub-16"]
[Site "Mondariz ESP"]
[Date "2005.07.13"]
[Round "5.8"]
[White "Garcia Millan, Laura"]
[Black "Leiva Velasco, David"]
[Result "1-0"]
[WhiteElo "1983"]
[BlackElo "2203"]
[PlyCount "91"]
[EventDate "2005.07.11"]
[EventType "swiss"]
[EventRounds "8"]
[EventCountry "ESP"]
[Source "lmi"]
[SourceDate "2005.07.15"]

1. e4 e6 2. Nf3 d5 3. e5 c5 4. b4 b6 5. bxc5 bxc5 6. Be2 Nc6 7. c3 Nh6 8. O-O
Nf5 9. d4 Be7 10. Ba3 cxd4 11. cxd4 O-O 12. g4 Nh6 13. Bxe7 Qxe7 14. h3 Bd7 15.
Nc3 f6 16. exf6 gxf6 17. Re1 Qd6 18. Qd2 Nf7 19. Bd3 Kh8 20. Nb5 Qb8 21. Rab1
e5 22. dxe5 fxe5 23. Ng5 e4 24. Nxe4 dxe4 25. Bxe4 Qd8 26. Qc3+ Kg8 27. Bxc6
Rc8 28. Nxa7 Rc7 29. Rb7 Rxb7 30. Bxb7 Qb6 31. Nc6 Bxc6 32. Qxc6 Qb4 33. Qe4
Qc3 34. h4 Rd8 35. Qe7 Qh3 36. Qe6 Rd4 37. Bc8 Qxh4 38. Rb1 Kg7 39. Qe3 Qf6 40.
Bf5 h5 41. Be6 hxg4 42. Rb7 Rd1+ 43. Kg2 Qf3+ 44. Qxf3 gxf3+ 45. Kxf3 Kf6 46.
Bxf7 1-0

[Event "España ch sub-16"]
[Site "Mondariz ESP"]
[Date "2005.07.13"]
[Round "5.9"]
[White "Remoli Sargues, Francisco"]
[Black "Gallardo De La Torre, Yasmina"]
[Result "1-0"]
[WhiteElo "2139"]
[BlackElo "2026"]
[PlyCount "125"]
[EventDate "2005.07.11"]
[EventType "swiss"]
[EventRounds "8"]
[EventCountry "ESP"]
[Source "lmi"]
[SourceDate "2005.07.15"]

1. e4 e5 2. Nf3 Nc6 3. Bb5 a6 4. Ba4 Nf6 5. d3 b5 6. Bb3 Be7 7. O-O d6 8. c3
O-O 9. Re1 Re8 10. Nbd2 Bf8 11. Nf1 Bb7 12. Bg5 g6 13. Qd2 Bg7 14. Ne3 Qd7 15.
h3 h5 16. Nf1 Nd8 17. Nh4 Ne6 18. Bh6 c5 19. Bxg7 Kxg7 20. Ng3 Rh8 21. Qe3 Rac8
22. Rad1 c4 23. Bc2 cxd3 24. Bxd3 Nf4 25. Bb1 Rc6 26. Ne2 Nxe2+ 27. Rxe2 Bc8
28. Bc2 Qe7 29. Qg3 Nh7 30. Nf5+ Bxf5 31. exf5 g5 32. Qf3 Rc4 33. Red2 Rf4 34.
Qc6 g4 35. Qxd6 Qxd6 36. Rxd6 gxh3 37. gxh3 Ng5 38. Kg2 Rg8 39. Rd8 Ne4 40.
Bxe4 Rxe4 41. f6+ Kh7+ 42. Rxg8 Kxg8 43. Kf1 Kh7 44. Rd6 Ra4 45. a3 Kg6 46. Kg2
Kf5 47. f3 h4 48. Kf2 Kg6 49. Ke3 Kf5 50. Rc6 Kg5 51. Rc8 Kxf6 52. Rg8 Ke6 53.
Rg4 Rxg4 54. fxg4 Kd5 55. g5 a5 56. b4 a4 57. Kd3 e4+ 58. Ke3 Kc4 59. Kxe4 Kb3
60. Kd3 Kxa3 61. Kc2 Ka2 62. c4 Ka3 63. cxb5 1-0

[Event "España ch sub-16"]
[Site "Mondariz ESP"]
[Date "2005.07.13"]
[Round "5.12"]
[White "Güetas Sanchez, Hugo"]
[Black "Rubio Mejia, Luis Ignacio"]
[Result "1-0"]
[WhiteElo "2062"]
[BlackElo "2004"]
[PlyCount "75"]
[EventDate "2005.07.11"]
[EventType "swiss"]
[EventRounds "8"]
[EventCountry "ESP"]
[Source "lmi"]
[SourceDate "2005.07.15"]

1. e4 d5 2. exd5 Qxd5 3. Nc3 Qa5 4. Nf3 Nf6 5. Be2 Bg4 6. O-O Nbd7 7. b4 Qb6 8.
a4 c6 9. b5 c5 10. a5 Qd8 11. h3 Bh5 12. g4 Bg6 13. Bc4 e6 14. Qe2 Bd6 15. Ng5
O-O 16. d3 Be5 17. Qd2 h5 18. f3 Nh7 19. Nxh7 Kxh7 20. Ra3 Qh4 21. Qg2 hxg4 22.
Qxg4 Qe7 23. Bg5 Bf6 24. Ne4 Bxe4 25. Bxf6 Qxf6 26. Qh5+ Kg8 27. fxe4 Qd4+ 28.
Kh1 g6 29. Qh6 Qg7 30. Qg5 Qe5 31. Qh4 Kg7 32. Kg2 Rh8 33. Qe7 Nf6 34. d4 Qg5+
35. Rg3 Qd2+ 36. Rf2 Qxd4 37. Rgf3 Nxe4 38. Rxf7+ 1-0

[Event "España ch sub-16"]
[Site "Mondariz ESP"]
[Date "2005.07.13"]
[Round "5.13"]
[White "Blanco Villalba, Jose Francisco"]
[Black "Ladron De Guevara Pinto, Miguel"]
[Result "1/2-1/2"]
[WhiteElo "1938"]
[BlackElo "2145"]
[PlyCount "46"]
[EventDate "2005.07.11"]
[EventType "swiss"]
[EventRounds "8"]
[EventCountry "ESP"]
[Source "lmi"]
[SourceDate "2005.07.15"]

1. e4 c5 2. Nf3 d6 3. Bb5+ Bd7 4. Bxd7+ Qxd7 5. c4 Nc6 6. O-O g6 7. d4 cxd4 8.
Nxd4 Bg7 9. Be3 Nf6 10. f3 O-O 11. Nc3 Rac8 12. b3 Rfe8 13. Rc1 Qc7 14. Nde2
Qb8 15. Qd2 a6 16. a4 Nd7 17. Rfd1 Nc5 18. Rb1 a5 19. Nd5 Rcd8 20. Bg5 Ne6 21.
Be3 Nc5 22. Bg5 Ne6 23. Be3 Nc5 1/2-1/2

[Event "España ch sub-16"]
[Site "Mondariz ESP"]
[Date "2005.07.13"]
[Round "5.14"]
[White "Aboy Nieto, Pablo"]
[Black "Robles Garcia, Claudia"]
[Result "1/2-1/2"]
[WhiteElo "1909"]
[BlackElo "2144"]
[PlyCount "33"]
[EventDate "2005.07.11"]
[EventType "swiss"]
[EventRounds "8"]
[EventCountry "ESP"]
[Source "lmi"]
[SourceDate "2005.07.15"]

1. c4 Nf6 2. Nc3 d5 3. cxd5 Nxd5 4. g3 g6 5. Bg2 Nb6 6. Nf3 Bg7 7. O-O Nc6 8.
d3 O-O 9. Be3 e5 10. Qd2 Re8 11. Bh6 Bh8 12. Ne4 Ne7 13. Nh4 c6 14. Kh1 Ned5
15. Rab1 Bg7 16. Bxg7 Kxg7 17. Nf3 1/2-1/2

[Event "España ch sub-16"]
[Site "Mondariz ESP"]
[Date "2005.07.14"]
[Round "6.1"]
[White "Vila Gazquez, Javier"]
[Black "Lopez Quevedo, Angel Carlos"]
[Result "1-0"]
[WhiteElo "2338"]
[BlackElo "2046"]
[PlyCount "109"]
[EventDate "2005.07.11"]
[EventType "swiss"]
[EventRounds "8"]
[EventCountry "ESP"]
[Source "lmi"]
[SourceDate "2005.07.15"]

1. e4 c5 2. Nf3 e6 3. Nc3 a6 4. g3 Nc6 5. Bg2 g6 6. d4 cxd4 7. Nxd4 Bg7 8. Be3
Nge7 9. O-O O-O 10. a4 b6 11. f4 Nxd4 12. Bxd4 Bb7 13. Bxg7 Kxg7 14. Qd4+ Kg8
15. Rfd1 Bc6 16. Qb4 d5 17. Rd2 Qc7 18. exd5 exd5 19. Re1 Rfe8 20. Rde2 Nf5 21.
Rxe8+ Rxe8 22. Rxe8+ Bxe8 23. Nxd5 Qc5+ 24. Qxc5 bxc5 25. Nf6+ Kf8 26. Nxe8
Kxe8 27. a5 Nd6 28. Bf1 Nb7 29. Bxa6 Nxa5 30. Kf2 Ke7 31. Ke3 Kd6 32. g4 h6 33.
Ke4 Nc6 34. c3 f6 35. Bc4 g5 36. Bf1 Ne7 37. Bc4 Nc6 38. Kf5 Ke7 39. Bd5 Na7
40. Kg6 Nb5 41. f5 Nd6 42. Kxh6 Nc8 43. b4 Nb6 44. Bb3 cxb4 45. cxb4 Nd7 46.
Kh5 Ne5 47. h4 gxh4 48. Kxh4 Kd6 49. Bd1 Nd3 50. b5 Ke5 51. b6 Nc5 52. Bf3 Nd7
53. b7 Kf4 54. Bc6 Nb8 55. Bb5 1-0

[Event "España ch sub-16"]
[Site "Mondariz ESP"]
[Date "2005.07.14"]
[Round "6.2"]
[White "Troncoso Gutierrez, Adrian"]
[Black "Valmaña Canto, Jaime"]
[Result "1/2-1/2"]
[WhiteElo "2062"]
[BlackElo "2223"]
[PlyCount "73"]
[EventDate "2005.07.11"]
[EventType "swiss"]
[EventRounds "8"]
[EventCountry "ESP"]
[Source "lmi"]
[SourceDate "2005.07.15"]

1. d4 Nf6 2. c4 g6 3. Nc3 Bg7 4. Bf4 O-O 5. h3 d5 6. e3 c6 7. Nf3 a6 8. a4 a5
9. Be2 Na6 10. O-O h6 11. Qb3 Nb4 12. Na2 dxc4 13. Bxc4 Nbd5 14. Bh2 Nb6 15.
Be2 Be6 16. Qc2 Bf5 17. Qb3 Nfd5 18. Nd2 Be6 19. Nc4 Ra6 20. Rac1 Qd7 21. e4
Nb4 22. Nxb4 axb4 23. Qxb4 Nxc4 24. Bxc4 Qxd4 25. b3 Rb6 26. Qxe7 Bxc4 27. Rxc4
Qd3 28. Rb4 Rxb4 29. Qxb4 b5 30. axb5 cxb5 31. e5 Re8 32. Re1 Bf8 33. Qe4 Qxb3
34. Qb1 Qd5 35. e6 f5 36. Re5 Qc6 37. Qxb5 1/2-1/2

[Event "España ch sub-16"]
[Site "Mondariz ESP"]
[Date "2005.07.14"]
[Round "6.3"]
[White "Martin Alvarez, Iñigo"]
[Black "Lariño Nieto, David"]
[Result "0-1"]
[WhiteElo "2082"]
[BlackElo "2350"]
[PlyCount "108"]
[EventDate "2005.07.11"]
[EventType "swiss"]
[EventRounds "8"]
[EventCountry "ESP"]
[Source "lmi"]
[SourceDate "2005.07.15"]

1. e4 c5 2. Nc3 d6 3. d4 cxd4 4. Qxd4 Nf6 5. Bb5+ Nc6 6. Nf3 Bd7 7. Bxc6 Bxc6
8. Bg5 e6 9. O-O-O Be7 10. Rhe1 O-O 11. Qd2 Qc7 12. Nd4 Rfc8 13. f3 b5 14. Kb1
b4 15. Nce2 Ba4 16. Rc1 Qa5 17. h4 Rab8 18. g4 Rb6 19. Nb3 Bxb3 20. cxb3 Rxc1+
21. Rxc1 h6 22. Rc8+ Kh7 23. Be3 Ra6 24. Qd3 e5 25. Qc4 d5 26. exd5 Nxd5 27.
Qe4+ g6 28. Bd2 Qb5 29. Qxe5 Bf6 30. Qe8 Qxe8 31. Rxe8 Bxh4 32. Re4 Rf6 33. Rd4
Nb6 34. f4 h5 35. gxh5 gxh5 36. f5 Bf2 37. Rf4 Bc5 38. Ng3 Rd6 39. Ne4 Rxd2 40.
Nxc5 Nd5 41. Kc1 Re2 42. Rd4 Ne3 43. Ne4 Kg7 44. Rxb4 Rc2+ 45. Kb1 Re2 46. Kc1
Nxf5 47. Rb5 Rxe4 48. Rxf5 Kg6 49. Rf2 h4 50. Kd2 f5 51. Kd3 Kg5 52. a4 h3 53.
a5 Kg4 54. a6 Re6 0-1